000 01038cam a2200325 a 4500
001 2598064
003 OSt
005 20250901165802.0
008 970527s1998 nyu 000 1 eng
010 _a 97023601
020 _a0688154018 (acidfree paper)
040 _aDLC
_cDLC
_dDLC
_dOCoLC
_dDLC
043 _an-us-pa
050 0 0 _aPS 3569 .C5676 S57 1998
_bS57 1998
082 0 0 _a813/.54
_221
100 1 _aSchwartz, Steven,
_d1950-
245 0 2 _aA good doctor's son :
_ba novel /
_cSteven Schwartz.
250 _a1st ed.
260 _aNew York :
_bWilliam Morrow,
_cc1998.
300 _a276 p. ;
_c25 cm.
650 0 _aTeenage boys
_xFiction.
650 0 _aJews
_zPennsylvania
_xFiction.
650 0 _aWrongful death
_xFiction.
650 0 _aChildren
_xDeath
_xFiction.
651 0 _aPennsylvania
_xFiction.
655 7 _aBildungsromane.
_2gsafd
906 _a7
_bcbc
_corignew
_d1
_eocip
_f19
_gy-gencatlg
942 _2lcc
_cBK
999 _c9222
_d9222